[Event "Blitz 2018"]
[Site "Saint-Petersburg"]
[Date "2018.12.30"]
[Round "14"]
[Board "79"]
[White "Teterev Vitaly (BLR)"]
[Black "Tregubov Pavel V. (RUS)"]
[Result "0-1"]
[LiveChessVersion "1.4.8"]
[BlackElo "2516"]
[WhiteElo "2397"]

1. Nf3 {[%clk 0:03:02]} c5 {[%clk 0:03:03]} 2. e4 {[%clk 0:03:03]} e6
{[%clk 0:03:04]} 3. d3 {[%clk 0:03:04]} Nc6 {[%clk 0:03:03]} 4. g3
{[%clk 0:03:06]} Nge7 {[%clk 0:03:04]} 5. Bg2 {[%clk 0:03:07]} g6
{[%clk 0:03:05]} 6. O-O {[%clk 0:03:07]} Bg7 {[%clk 0:03:06]} 7. c3
{[%clk 0:03:09]} O-O {[%clk 0:03:06]} 8. d4 {[%clk 0:03:11]} d5 {[%clk 0:02:51]}
9. e5 {[%clk 0:03:05]} Nf5 {[%clk 0:02:49]} 10. Na3 {[%clk 0:02:25]} cxd4
{[%clk 0:02:46]} 11. cxd4 {[%clk 0:02:26]} f6 {[%clk 0:02:46]} 12. Re1
{[%clk 0:02:23]} Qb6 {[%clk 0:02:26]} 13. Nc2 {[%clk 0:02:22]} fxe5
{[%clk 0:02:17]} 14. dxe5 Bd7 15. b3 {[%clk 0:02:22]} Rac8 {[%clk 0:02:09]} 16.
Bb2 {[%clk 0:02:11]} h6 {[%clk 0:02:04]} 17. Qd2 {[%clk 0:02:06]} g5
{[%clk 0:01:59]} 18. Ncd4 {[%clk 0:01:32]} Nfxd4 {[%clk 0:01:54]} 19. Nxd4
{[%clk 0:01:24]} Rf7 {[%clk 0:01:09]} 20. Nxc6 {[%clk 0:01:22]} Rxc6
{[%clk 0:01:05]} 21. Bd4 {[%clk 0:01:20]} Qc7 {[%clk 0:01:02]} 22. Rac1
{[%clk 0:01:20]} Rxc1 {[%clk 0:00:58]} 23. Rxc1 {[%clk 0:01:21]} Bc6
{[%clk 0:01:00]} 24. Qe3 {[%clk 0:01:14]} a6 {[%clk 0:01:01]} 25. a4
{[%clk 0:01:14]} Qe7 {[%clk 0:00:56]} 26. Bc5 {[%clk 0:01:12]} Qe8
{[%clk 0:00:53]} 27. Bd6 {[%clk 0:01:13]} Bf8 {[%clk 0:00:53]} 28. Re1
{[%clk 0:01:03]} Bg7 {[%clk 0:00:53]} 29. Bh3 {[%clk 0:01:01]} Rd7
{[%clk 0:00:27]} 30. Bg4 {[%clk 0:01:00]} Qg6 {[%clk 0:00:26]} 31. Qe2
{[%clk 0:00:53]} Bf8 {[%clk 0:00:27]} 32. Bh5 {[%clk 0:00:50]} Qf5
{[%clk 0:00:27]} 33. Bg4 Qg6 34. Qe3 {[%clk 0:00:30]} Rf7 {[%clk 0:00:28]} 35.
Be2 {[%clk 0:00:27]} g4 {[%clk 0:00:24]} 36. Rc1 {[%clk 0:00:27]} h5
{[%clk 0:00:23]} 37. Bxa6 {[%clk 0:00:26]} Bh6 {[%clk 0:00:22]} 38. Qe1
{[%clk 0:00:23]} Bxc1 {[%clk 0:00:23]} 39. Qxc1 {[%clk 0:00:24]} d4
{[%clk 0:00:23]} 40. Bb5 {[%clk 0:00:20]} Qf5 {[%clk 0:00:21]} 41. Qd2
{[%clk 0:00:18]} Qb1+ {[%clk 0:00:21]} 42. Bf1 {[%clk 0:00:19]} Qe4
{[%clk 0:00:21]} 43. Qg5+ {[%clk 0:00:19]} Rg7 {[%clk 0:00:21]} 44. f3
{[%clk 0:00:10]} Qxf3 {[%clk 0:00:18]} 45. Qd8+ {[%clk 0:00:09]} Kh7
{[%clk 0:00:19]} 46. Bc4 {[%clk 0:00:03]} Qg2# 0-1

[Event "Blitz 2018"]
[Site "Saint-Petersburg"]
[Date "2018.12.30"]
[Round "14"]
[Board "80"]
[White "Zubritskiy Artyom (RUS)"]
[Black "Dubrovin Robert (EST)"]
[Result "1-0"]
[LiveChessVersion "1.4.8"]
[BlackElo "2176"]
[WhiteElo "2513"]

1. c4 {[%clk 0:03:03]} Nf6 {[%clk 0:03:03]} 2. g3 {[%clk 0:03:04]} g6
{[%clk 0:03:05]} 3. Bg2 {[%clk 0:03:05]} Bg7 {[%clk 0:03:06]} 4. Nc3
{[%clk 0:03:07]} O-O {[%clk 0:03:07]} 5. d4 {[%clk 0:03:08]} d6 {[%clk 0:03:08]}
6. Nf3 {[%clk 0:03:09]} Nbd7 {[%clk 0:03:10]} 7. O-O {[%clk 0:03:09]} e5
{[%clk 0:03:11]} 8. e4 {[%clk 0:03:09]} exd4 {[%clk 0:03:12]} 9. Nxd4
{[%clk 0:03:10]} Nc5 {[%clk 0:03:13]} 10. h3 Re8 {[%clk 0:03:14]} 11. Re1 c6 12.
Qc2 {[%clk 0:02:40]} a5 {[%clk 0:03:10]} 13. Be3 {[%clk 0:02:41]} a4
{[%clk 0:03:09]} 14. Rad1 {[%clk 0:02:40]} Nfd7 {[%clk 0:03:10]} 15. f4 Qa5 16.
Bf2 {[%clk 0:01:59]} Nb6 {[%clk 0:03:13]} 17. Bf1 {[%clk 0:02:00]} Be6
{[%clk 0:03:15]} 18. Nb1 {[%clk 0:01:24]} Qb4 {[%clk 0:02:44]} 19. Na3
{[%clk 0:01:22]} h5 {[%clk 0:02:24]} 20. Re3 {[%clk 0:01:20]} Rad8
{[%clk 0:02:10]} 21. Be1 {[%clk 0:01:20]} Bxd4 {[%clk 0:01:15]} 22. Rxd4
{[%clk 0:01:21]} Nb3 {[%clk 0:01:17]} 23. Bxb4 {[%clk 0:01:10]} Nxd4
{[%clk 0:01:18]} 24. Qd1 {[%clk 0:00:59]} c5 {[%clk 0:01:10]} 25. Ba5
{[%clk 0:01:01]} Ra8 {[%clk 0:01:13]} 26. Bxb6 {[%clk 0:00:52]} Ra6
{[%clk 0:01:14]} 27. Bc7 {[%clk 0:00:52]} Rc8 {[%clk 0:01:14]} 28. Nb5 Rc6
{[%clk 0:01:04]} 29. Bxd6 {[%clk 0:00:47]} Rd8 {[%clk 0:01:03]} 30. e5
{[%clk 0:00:47]} Nf5 {[%clk 0:01:01]} 31. Rd3 {[%clk 0:00:48]} Bxc4
{[%clk 0:00:58]} 32. Rc3 {[%clk 0:00:30]} Bxa2 {[%clk 0:00:57]} 33. g4
{[%clk 0:00:25]} hxg4 {[%clk 0:00:34]} 34. hxg4 {[%clk 0:00:26]} Nh4
{[%clk 0:00:35]} 35. Qe1 g5 36. fxg5 Ng6 37. Qe4 {[%clk 0:00:15]} Kg7
{[%clk 0:00:26]} 38. Bc4 {[%clk 0:00:14]} Bxc4 {[%clk 0:00:24]} 39. Qxc4
{[%clk 0:00:14]} Rh8 {[%clk 0:00:25]} 40. Rf3 {[%clk 0:00:13]} 1-0

[Event "Blitz 2018"]
[Site "Saint-Petersburg"]
[Date "2018.12.30"]
[Round "14"]
[Board "81"]
[White "Fakhrutdinov Timur (RUS)"]
[Black "Sokolov Andrei (LAT)"]
[Result "0-1"]
[LiveChessVersion "1.4.8"]
[BlackElo "2507"]
[WhiteElo "2357"]

1. e4 {[%clk 0:03:03]} c5 {[%clk 0:03:04]} 2. Nf3 Nc6 3. d4 {[%clk 0:03:06]} cxd4
{[%clk 0:03:07]} 4. Nxd4 {[%clk 0:03:07]} g6 {[%clk 0:03:08]} 5. Nc3
{[%clk 0:03:07]} Bg7 {[%clk 0:03:09]} 6. Be3 {[%clk 0:03:08]} Nf6
{[%clk 0:03:08]} 7. Bc4 {[%clk 0:03:09]} O-O {[%clk 0:03:04]} 8. Bb3
{[%clk 0:03:09]} a5 {[%clk 0:03:06]} 9. O-O {[%clk 0:02:54]} d6 {[%clk 0:03:07]}
10. Ndb5 {[%clk 0:02:43]} Ng4 {[%clk 0:02:43]} 11. Bd2 {[%clk 0:02:16]} Nge5
{[%clk 0:02:44]} 12. a4 {[%clk 0:02:06]} Be6 {[%clk 0:02:37]} 13. Nd5
{[%clk 0:01:53]} Rc8 {[%clk 0:02:31]} 14. Qe2 {[%clk 0:01:29]} Nd7
{[%clk 0:02:20]} 15. c3 {[%clk 0:01:28]} Nc5 {[%clk 0:02:15]} 16. Bc2
{[%clk 0:01:29]} Bd7 {[%clk 0:02:07]} 17. Rad1 {[%clk 0:01:15]} Ne5
{[%clk 0:02:04]} 18. h3 {[%clk 0:01:10]} Bc6 {[%clk 0:02:01]} 19. f4
{[%clk 0:01:04]} Ned7 {[%clk 0:02:02]} 20. Be3 b6 21. Na7 {[%clk 0:00:39]} Re8
{[%clk 0:02:00]} 22. Nxc8 {[%clk 0:00:37]} Qxc8 {[%clk 0:02:00]} 23. Bd4
{[%clk 0:00:20]} Bxa4 {[%clk 0:01:51]} 24. Bxa4 {[%clk 0:00:18]} Nxa4
{[%clk 0:01:52]} 25. Bxg7 {[%clk 0:00:19]} Kxg7 {[%clk 0:01:53]} 26. e5
{[%clk 0:00:12]} e6 {[%clk 0:01:45]} 27. Nf6 {[%clk 0:00:09]} Qc5+
{[%clk 0:01:37]} 28. Qf2 {[%clk 0:00:07]} Nxf6 {[%clk 0:01:37]} 29. exf6+
{[%clk 0:00:08]} Kxf6 {[%clk 0:01:38]} 30. Qxc5 {[%clk 0:00:06]} dxc5
{[%clk 0:01:32]} 31. Rf2 {[%clk 0:00:07]} c4 {[%clk 0:01:28]} 32. Rd6
{[%clk 0:00:07]} Rc8 {[%clk 0:01:28]} 33. Rd7 {[%clk 0:00:05]} Rc5
{[%clk 0:01:26]} 34. Rfd2 {[%clk 0:00:05]} Rb5 {[%clk 0:01:26]} 35. Rc7
{[%clk 0:00:06]} Nc5 {[%clk 0:01:22]} 36. g4 {[%clk 0:00:04]} h6 {[%clk 0:01:23]}
37. Rd8 {[%clk 0:00:04]} g5 {[%clk 0:01:10]} 38. fxg5+ {[%clk 0:00:03]} hxg5
{[%clk 0:01:08]} 39. Rf8 {[%clk 0:00:04]} Rxb2 {[%clk 0:01:08]} 40. Rfxf7+
{[%clk 0:00:04]} Ke5 {[%clk 0:01:09]} 41. Rg7 {[%clk 0:00:04]} a4
{[%clk 0:01:10]} 42. Rxg5+ {[%clk 0:00:04]} Kf4 {[%clk 0:01:11]} 43. Rgxc5
{[%clk 0:00:04]} bxc5 {[%clk 0:01:12]} 44. Rxc5 {[%clk 0:00:04]} a3
{[%clk 0:01:14]} 0-1

[Event "Blitz 2018"]
[Site "Saint-Petersburg"]
[Date "2018.12.30"]
[Round "14"]
[Board "82"]
[White "Shaposhnikov Evgeny (RUS)"]
[Black "Danielyan Vahe (ARM)"]
[Result "0-1"]
[LiveChessVersion "1.4.8"]
[BlackElo "2417"]
[WhiteElo "2603"]

1. Nf3 {[%clk 0:03:02]} Nf6 {[%clk 0:03:02]} 2. c4 {[%clk 0:03:02]} g6
{[%clk 0:03:02]} 3. d4 {[%clk 0:03:02]} Bg7 {[%clk 0:03:02]} 4. e3
{[%clk 0:03:02]} b6 {[%clk 0:03:02]} 5. Nc3 {[%clk 0:02:57]} Bb7 {[%clk 0:03:03]}
6. d5 {[%clk 0:02:51]} O-O {[%clk 0:03:03]} 7. e4 {[%clk 0:02:53]} e5
{[%clk 0:02:48]} 8. h3 {[%clk 0:02:47]} d6 {[%clk 0:02:48]} 9. Bg5
{[%clk 0:02:48]} Nbd7 {[%clk 0:02:44]} 10. Be2 {[%clk 0:02:46]} a5
{[%clk 0:02:44]} 11. Nd2 {[%clk 0:02:45]} h6 {[%clk 0:02:43]} 12. Be3
{[%clk 0:02:44]} Nh7 {[%clk 0:02:40]} 13. g4 {[%clk 0:02:43]} Nc5
{[%clk 0:02:38]} 14. Qc2 {[%clk 0:02:42]} c6 {[%clk 0:02:37]} 15. O-O-O
{[%clk 0:02:41]} cxd5 {[%clk 0:02:38]} 16. exd5 {[%clk 0:02:37]} Rc8
{[%clk 0:02:37]} 17. Kb1 {[%clk 0:02:36]} Re8 {[%clk 0:02:25]} 18. f3
{[%clk 0:02:19]} Ba6 {[%clk 0:02:09]} 19. h4 {[%clk 0:02:17]} b5 {[%clk 0:01:51]}
20. cxb5 {[%clk 0:02:12]} Bb7 {[%clk 0:01:52]} 21. h5 {[%clk 0:02:12]} g5
{[%clk 0:01:50]} 22. Bxc5 {[%clk 0:02:11]} Rxc5 {[%clk 0:01:43]} 23. Nde4
{[%clk 0:02:11]} Rc8 {[%clk 0:01:41]} 24. Bd3 {[%clk 0:02:02]} Nf6
{[%clk 0:01:32]} 25. Nxf6+ {[%clk 0:02:02]} Bxf6 {[%clk 0:01:25]} 26. Qb3
{[%clk 0:01:48]} Qb6 {[%clk 0:01:19]} 27. Bf5 {[%clk 0:01:43]} Rb8
{[%clk 0:01:04]} 28. Ne4 {[%clk 0:01:40]} Be7 {[%clk 0:01:02]} 29. a4
{[%clk 0:01:41]} Kg7 {[%clk 0:00:48]} 30. Rh2 {[%clk 0:01:41]} Bc8
{[%clk 0:00:37]} 31. Ng3 {[%clk 0:01:35]} Bf8 {[%clk 0:00:28]} 32. Rc2
{[%clk 0:01:34]} Bb7 {[%clk 0:00:26]} 33. Bd7 {[%clk 0:01:32]} Red8
{[%clk 0:00:25]} 34. Bf5 {[%clk 0:01:28]} Bc8 {[%clk 0:00:22]} 35. Rdc1
{[%clk 0:01:25]} Bb7 {[%clk 0:00:19]} 36. Qd3 {[%clk 0:01:26]} Be7
{[%clk 0:00:14]} 37. Ka2 {[%clk 0:01:27]} Bf6 {[%clk 0:00:15]} 38. Ne4
{[%clk 0:01:17]} Qd4 {[%clk 0:00:12]} 39. Qxd4 {[%clk 0:01:06]} exd4
{[%clk 0:00:14]} 40. Nxf6 {[%clk 0:00:54]} Kxf6 {[%clk 0:00:15]} 41. Be4
{[%clk 0:00:55]} Ke5 {[%clk 0:00:16]} 42. Rd2 {[%clk 0:00:49]} Rbc8
{[%clk 0:00:15]} 43. Rcd1 {[%clk 0:00:47]} Rc4 {[%clk 0:00:12]} 44. b3
{[%clk 0:00:47]} Rb4 {[%clk 0:00:11]} 45. Re2 {[%clk 0:00:30]} Kf4
{[%clk 0:00:09]} 46. Rc1 {[%clk 0:00:29]} Re8 {[%clk 0:00:07]} 47. Rc7
{[%clk 0:00:28]} Bxd5 {[%clk 0:00:08]} 48. Rxf7+ {[%clk 0:00:27]} Bxf7
{[%clk 0:00:09]} 49. Rd2 Bxb3+ {[%clk 0:00:09]} 50. Ka3 {[%clk 0:00:27]} d5
{[%clk 0:00:08]} 51. Bg6 {[%clk 0:00:26]} Re3 {[%clk 0:00:08]} 52. Bd3
{[%clk 0:00:27]} Bc4 0-1

[Event "Blitz 2018"]
[Site "Saint-Petersburg"]
[Date "2018.12.30"]
[Round "14"]
[Board "83"]
[White "Minko Vladimir (RUS)"]
[Black "Sanikidze Tornike (GEO)"]
[Result "0-1"]
[LiveChessVersion "1.4.8"]
[BlackElo "2484"]
[WhiteElo "2403"]

1. d4 {[%clk 0:03:03]} d5 {[%clk 0:03:02]} 2. c4 {[%clk 0:03:03]} e6
{[%clk 0:03:03]} 3. Nf3 {[%clk 0:03:03]} Nf6 {[%clk 0:03:04]} 4. g3
{[%clk 0:03:04]} dxc4 {[%clk 0:03:05]} 5. Bg2 {[%clk 0:03:05]} Nc6
{[%clk 0:03:07]} 6. O-O {[%clk 0:02:59]} Rb8 {[%clk 0:03:08]} 7. a4
{[%clk 0:02:42]} a6 {[%clk 0:03:04]} 8. Re1 {[%clk 0:02:30]} Be7 {[%clk 0:02:51]}
9. e4 {[%clk 0:02:27]} O-O {[%clk 0:02:52]} 10. Bf4 {[%clk 0:02:15]} b5
{[%clk 0:02:51]} 11. Nc3 {[%clk 0:01:55]} Nb4 {[%clk 0:02:43]} 12. Rf1
{[%clk 0:01:47]} Nd3 {[%clk 0:02:42]} 13. e5 {[%clk 0:01:41]} Nd5
{[%clk 0:02:39]} 14. Nxd5 {[%clk 0:01:38]} exd5 {[%clk 0:02:38]} 15. Bc1
{[%clk 0:01:37]} c5 {[%clk 0:02:34]} 16. Ne1 {[%clk 0:01:32]} Bf5
{[%clk 0:02:32]} 17. axb5 {[%clk 0:01:24]} axb5 {[%clk 0:02:33]} 18. Nc2
{[%clk 0:01:18]} b4 {[%clk 0:02:23]} 19. dxc5 {[%clk 0:01:12]} Bxc5
{[%clk 0:02:19]} 20. Be3 {[%clk 0:01:11]} d4 {[%clk 0:02:05]} 21. Bc1
{[%clk 0:01:03]} b3 {[%clk 0:02:01]} 22. Na3 {[%clk 0:01:02]} c3 {[%clk 0:01:58]}
23. Nc4 {[%clk 0:00:55]} Nxc1 {[%clk 0:01:20]} 24. Qxc1 {[%clk 0:00:55]} c2
{[%clk 0:01:11]} 25. Na5 {[%clk 0:00:55]} Qb6 {[%clk 0:00:51]} 26. Qf4
{[%clk 0:00:49]} Be6 {[%clk 0:00:49]} 27. Be4 {[%clk 0:00:44]} h6
{[%clk 0:00:50]} 28. Bd3 {[%clk 0:00:43]} Rbc8 {[%clk 0:00:46]} 29. Qe4
{[%clk 0:00:42]} g6 {[%clk 0:00:47]} 30. Qf3 {[%clk 0:00:37]} Bb4
{[%clk 0:00:44]} 31. Nb7 {[%clk 0:00:32]} Rc7 {[%clk 0:00:45]} 32. Nd6
{[%clk 0:00:22]} Bxd6 {[%clk 0:00:46]} 33. exd6 {[%clk 0:00:19]} Qxd6
{[%clk 0:00:46]} 34. Rfc1 {[%clk 0:00:15]} Bd5 {[%clk 0:00:38]} 35. Qg4
{[%clk 0:00:14]} Be6 {[%clk 0:00:37]} 36. Qh4 {[%clk 0:00:15]} Kg7
{[%clk 0:00:37]} 37. Qe4 {[%clk 0:00:13]} Rd8 {[%clk 0:00:36]} 38. Ra6
{[%clk 0:00:14]} Qd5 {[%clk 0:00:36]} 39. Qf4 {[%clk 0:00:14]} Rc6
{[%clk 0:00:36]} 40. Ra7 {[%clk 0:00:15]} Rd7 {[%clk 0:00:37]} 41. Be4
{[%clk 0:00:15]} Qd6 {[%clk 0:00:33]} 42. Bxc6 {[%clk 0:00:14]} Qxf4
{[%clk 0:00:33]} 43. gxf4 Rxa7 0-1

[Event "Blitz 2018"]
[Site "Saint-Petersburg"]
[Date "2018.12.30"]
[Round "14"]
[Board "84"]
[White "Gurvich Vitaly (RUS)"]
[Black "Abdusattorov Nodirbek (UZB)"]
[Result "0-1"]
[LiveChessVersion "1.4.8"]
[BlackElo "2469"]
[WhiteElo "2302"]

1. c4 {[%clk 0:03:03]} Nf6 {[%clk 0:03:02]} 2. Nc3 {[%clk 0:03:03]} e5
{[%clk 0:03:03]} 3. g3 {[%clk 0:03:04]} Bb4 {[%clk 0:03:01]} 4. Bg2
{[%clk 0:03:03]} O-O {[%clk 0:02:57]} 5. d3 {[%clk 0:02:39]} Re8 {[%clk 0:02:53]}
6. e4 {[%clk 0:02:38]} c6 {[%clk 0:02:47]} 7. Nge2 {[%clk 0:02:35]} d5
{[%clk 0:02:47]} 8. a3 {[%clk 0:02:28]} Bxc3+ {[%clk 0:02:44]} 9. Nxc3
{[%clk 0:02:29]} dxc4 {[%clk 0:02:35]} 10. dxc4 {[%clk 0:02:29]} Be6
{[%clk 0:02:21]} 11. Qxd8 {[%clk 0:01:45]} Rxd8 {[%clk 0:02:22]} 12. c5
{[%clk 0:01:28]} Nbd7 {[%clk 0:02:13]} 13. b4 {[%clk 0:01:25]} a5
{[%clk 0:02:13]} 14. Bb2 {[%clk 0:01:21]} b6 {[%clk 0:01:55]} 15. Na4
{[%clk 0:00:55]} b5 {[%clk 0:01:20]} 16. Nb6 {[%clk 0:00:50]} Nxb6
{[%clk 0:01:20]} 17. cxb6 {[%clk 0:00:51]} Nd7 {[%clk 0:01:17]} 18. bxa5
{[%clk 0:00:31]} Rxa5 {[%clk 0:01:14]} 19. O-O-O {[%clk 0:00:24]} Rb8
{[%clk 0:01:05]} 20. f4 {[%clk 0:00:21]} Nxb6 {[%clk 0:00:58]} 21. Bxe5
{[%clk 0:00:16]} Rba8 {[%clk 0:00:56]} 22. Bc7 {[%clk 0:00:11]} Rxa3
{[%clk 0:00:57]} 23. Bxb6 {[%clk 0:00:09]} Ra1+ {[%clk 0:00:58]} 24. Kb2
{[%clk 0:00:10]} R1a2+ {[%clk 0:00:56]} 25. Kc3 {[%clk 0:00:11]} Rxg2
{[%clk 0:00:57]} 26. f5 {[%clk 0:00:06]} Bc4 {[%clk 0:00:52]} 27. Ra1
{[%clk 0:00:06]} Re8 {[%clk 0:00:52]} 28. Rhe1 {[%clk 0:00:03]} Rxh2
{[%clk 0:00:51]} 29. Ra7 {[%clk 0:00:04]} h5 {[%clk 0:00:50]} 30. Rc7
{[%clk 0:00:04]} Rg2 {[%clk 0:00:50]} 31. Re3 {[%clk 0:00:05]} Ra8
{[%clk 0:00:42]} 32. Rxc6 {[%clk 0:00:04]} Ra3+ {[%clk 0:00:42]} 33. Kb4
{[%clk 0:00:03]} Rxe3 {[%clk 0:00:39]} 34. Bxe3 {[%clk 0:00:04]} Rxg3
{[%clk 0:00:38]} 35. Rc8+ {[%clk 0:00:03]} Kh7 {[%clk 0:00:39]} 36. Bf4
{[%clk 0:00:03]} Rg4 {[%clk 0:00:40]} 37. Bd6 {[%clk 0:00:03]} Rxe4
{[%clk 0:00:41]} 38. Kc5 {[%clk 0:00:03]} h4 {[%clk 0:00:42]} 39. Ra8
{[%clk 0:00:03]} h3 {[%clk 0:00:42]} 40. Ra3 {[%clk 0:00:04]} Rh4
{[%clk 0:00:42]} 41. Bh2 {[%clk 0:00:03]} Rh5 {[%clk 0:00:42]} 42. Kd6
{[%clk 0:00:04]} b4 {[%clk 0:00:40]} 43. Ra4 {[%clk 0:00:03]} Rxf5
{[%clk 0:00:40]} 44. Rxb4 {[%clk 0:00:05]} Bf1 {[%clk 0:00:38]} 45. Rh4+
{[%clk 0:00:05]} Kg8 {[%clk 0:00:37]} 46. Ke7 {[%clk 0:00:04]} Bg2
{[%clk 0:00:36]} 47. Ke8 {[%clk 0:00:04]} f6 {[%clk 0:00:35]} 48. Ke7
{[%clk 0:00:04]} Rf2 {[%clk 0:00:33]} 49. Bg3 {[%clk 0:00:03]} Re2+
{[%clk 0:00:34]} 50. Kd8 {[%clk 0:00:04]} Kf7 {[%clk 0:00:34]} 51. Rh8
{[%clk 0:00:04]} g5 {[%clk 0:00:35]} 52. Kc7 {[%clk 0:00:04]} f5 {[%clk 0:00:35]}
53. Kd6 {[%clk 0:00:03]} f4 {[%clk 0:00:37]} 54. Bh2 {[%clk 0:00:04]} Kg6
{[%clk 0:00:36]} 55. Rf8 {[%clk 0:00:04]} Kh5 {[%clk 0:00:36]} 56. Kc5
{[%clk 0:00:03]} Bf1 {[%clk 0:00:37]} 57. Bg1 {[%clk 0:00:04]} Kg4
{[%clk 0:00:37]} 58. Rh8 {[%clk 0:00:04]} f3 {[%clk 0:00:35]} 59. Kd4
{[%clk 0:00:04]} f2 {[%clk 0:00:34]} 60. Bh2 {[%clk 0:00:05]} Bg2
{[%clk 0:00:36]} 0-1

[Event "Blitz 2018"]
[Site "Saint-Petersburg"]
[Date "2018.12.30"]
[Round "14"]
[Board "85"]
[White "Gaifullin Artur (RUS)"]
[Black "Kryakvin Dmitry (RUS)"]
[Result "1/2-1/2"]
[LiveChessVersion "1.4.8"]
[BlackElo "2536"]
[WhiteElo "2231"]

1. d4 {[%clk 0:03:03]} d5 {[%clk 0:03:03]} 2. c4 {[%clk 0:03:04]} c6
{[%clk 0:03:05]} 3. Nf3 {[%clk 0:03:05]} Nf6 {[%clk 0:03:06]} 4. e3
{[%clk 0:03:06]} Bf5 {[%clk 0:03:07]} 5. cxd5 {[%clk 0:03:06]} cxd5
{[%clk 0:03:08]} 6. Nc3 {[%clk 0:03:07]} a6 {[%clk 0:02:59]} 7. Ne5
{[%clk 0:03:03]} Nc6 {[%clk 0:02:48]} 8. Qa4 {[%clk 0:02:36]} Bd7
{[%clk 0:02:44]} 9. Nxd7 {[%clk 0:02:36]} Qxd7 {[%clk 0:02:45]} 10. b4
{[%clk 0:02:24]} Rc8 {[%clk 0:02:39]} 11. Bd2 {[%clk 0:02:22]} e6
{[%clk 0:02:37]} 12. Rb1 {[%clk 0:02:18]} Bd6 {[%clk 0:02:11]} 13. b5
{[%clk 0:02:10]} axb5 {[%clk 0:02:12]} 14. Qxb5 {[%clk 0:02:10]} Rb8
{[%clk 0:01:52]} 15. Be2 {[%clk 0:02:05]} O-O {[%clk 0:01:52]} 16. O-O
{[%clk 0:02:04]} Rfc8 {[%clk 0:01:51]} 17. Rfc1 {[%clk 0:01:51]} e5
{[%clk 0:01:44]} 18. Nxd5 {[%clk 0:01:27]} Nxd5 {[%clk 0:01:44]} 19. Qxd5
{[%clk 0:01:27]} exd4 {[%clk 0:01:45]} 20. Qh5 {[%clk 0:01:28]} g6
{[%clk 0:01:40]} 21. Qg4 {[%clk 0:01:13]} Qxg4 {[%clk 0:01:18]} 22. Bxg4
{[%clk 0:01:14]} Rc7 {[%clk 0:00:54]} 23. exd4 {[%clk 0:00:54]} Nxd4
{[%clk 0:00:54]} 24. Rxc7 {[%clk 0:00:55]} Bxc7 {[%clk 0:00:56]} 25. Be3
{[%clk 0:00:56]} Be5 {[%clk 0:00:54]} 26. h4 {[%clk 0:00:35]} Ra8
{[%clk 0:00:46]} 27. Rxb7 {[%clk 0:00:24]} h5 {[%clk 0:00:46]} 28. Bf3
{[%clk 0:00:09]} Nxf3+ {[%clk 0:00:43]} 29. gxf3 {[%clk 0:00:10]} Rxa2
{[%clk 0:00:43]} 30. Kg2 {[%clk 0:00:11]} Bf6 {[%clk 0:00:40]} 31. Rb4
{[%clk 0:00:12]} Ra5 {[%clk 0:00:36]} 32. Re4 {[%clk 0:00:13]} Rf5
{[%clk 0:00:37]} 33. Kg3 {[%clk 0:00:13]} Kg7 {[%clk 0:00:37]} 34. Bf4
{[%clk 0:00:13]} g5 {[%clk 0:00:30]} 35. hxg5 {[%clk 0:00:13]} Bxg5
{[%clk 0:00:31]} 36. Bxg5 {[%clk 0:00:14]} Rxg5+ {[%clk 0:00:32]} 37. Kh4
{[%clk 0:00:15]} 1/2-1/2

[Event "Blitz 2018"]
[Site "Saint-Petersburg"]
[Date "2018.12.30"]
[Round "14"]
[Board "86"]
[White "Teske Henrik (GER)"]
[Black "Zaitsev Alexander (RUS)"]
[Result "1-0"]
[LiveChessVersion "1.4.8"]
[BlackElo "2402"]
[WhiteElo "2565"]

1. e4 e6 2. d4 {[%clk 0:02:57]} d5 {[%clk 0:03:04]} 3. Nc3 {[%clk 0:02:54]} Bb4
{[%clk 0:03:05]} 4. e5 {[%clk 0:02:52]} Ne7 {[%clk 0:03:06]} 5. a3
{[%clk 0:02:41]} Bxc3+ {[%clk 0:03:06]} 6. bxc3 {[%clk 0:02:42]} b6
{[%clk 0:03:08]} 7. Qg4 Ng6 8. h4 {[%clk 0:02:35]} h5 {[%clk 0:03:10]} 9. Qg3
{[%clk 0:02:33]} Ba6 {[%clk 0:03:12]} 10. Bxa6 {[%clk 0:02:30]} Nxa6
{[%clk 0:03:13]} 11. Qd3 {[%clk 0:02:17]} Nb8 {[%clk 0:03:09]} 12. Ne2
{[%clk 0:02:07]} Qd7 {[%clk 0:03:05]} 13. Qg3 {[%clk 0:01:54]} Qa4
{[%clk 0:02:58]} 14. Qd3 {[%clk 0:01:55]} c5 {[%clk 0:02:37]} 15. g3
{[%clk 0:01:52]} Nc6 {[%clk 0:02:35]} 16. f4 {[%clk 0:01:39]} Nge7
{[%clk 0:02:34]} 17. Rb1 {[%clk 0:01:37]} O-O {[%clk 0:02:13]} 18. O-O
{[%clk 0:01:36]} Nf5 {[%clk 0:02:07]} 19. Kf2 {[%clk 0:01:18]} cxd4
{[%clk 0:02:03]} 20. cxd4 {[%clk 0:01:14]} Nfxd4 {[%clk 0:01:49]} 21. Nxd4
{[%clk 0:01:01]} Qxd4+ {[%clk 0:01:50]} 22. Be3 {[%clk 0:00:59]} Qa4
{[%clk 0:01:23]} 23. Qb3 {[%clk 0:00:58]} Qa6 {[%clk 0:01:08]} 24. Qd3
{[%clk 0:00:54]} Qxd3 {[%clk 0:01:00]} 25. cxd3 {[%clk 0:00:55]} Rac8
{[%clk 0:01:02]} 26. Rfc1 {[%clk 0:00:53]} Na5 {[%clk 0:00:53]} 27. a4
{[%clk 0:00:52]} Rfd8 {[%clk 0:00:48]} 28. Ke2 {[%clk 0:00:52]} Kf8
{[%clk 0:00:47]} 29. Kf3 {[%clk 0:00:44]} Ke8 {[%clk 0:00:42]} 30. f5
{[%clk 0:00:39]} exf5 {[%clk 0:00:29]} 31. Bg5 {[%clk 0:00:40]} Rxc1
{[%clk 0:00:23]} 32. Rxc1 {[%clk 0:00:41]} f6 {[%clk 0:00:21]} 33. exf6
{[%clk 0:00:42]} gxf6 {[%clk 0:00:22]} 34. Bxf6 {[%clk 0:00:43]} Rd6
{[%clk 0:00:24]} 35. Bg5 {[%clk 0:00:38]} Nc6 {[%clk 0:00:21]} 36. Kf4
{[%clk 0:00:38]} Nd4 {[%clk 0:00:12]} 37. Ke5 {[%clk 0:00:36]} Rc6
{[%clk 0:00:12]} 38. Rf1 {[%clk 0:00:34]} Nb3 {[%clk 0:00:06]} 39. Rxf5
{[%clk 0:00:32]} Rc3 {[%clk 0:00:05]} 40. d4 {[%clk 0:00:31]} Rd3
{[%clk 0:00:05]} 41. Rf4 {[%clk 0:00:31]} Rxg3 {[%clk 0:00:06]} 42. Kd6
{[%clk 0:00:28]} Rg1 {[%clk 0:00:03]} 43. Be7 {[%clk 0:00:24]} Rg8
{[%clk 0:00:03]} 44. Bg5 {[%clk 0:00:23]} Rg6+ {[%clk 0:00:05]} 45. Kxd5
{[%clk 0:00:24]} Na5 {[%clk 0:00:05]} 46. Re4+ {[%clk 0:00:25]} Kd7
{[%clk 0:00:06]} 47. Re7+ {[%clk 0:00:26]} Kc8 {[%clk 0:00:08]} 48. Rxa7
{[%clk 0:00:27]} Nc6 {[%clk 0:00:08]} 49. Rh7 {[%clk 0:00:28]} Nb4+
{[%clk 0:00:09]} 50. Kc4 {[%clk 0:00:29]} Nc6 {[%clk 0:00:10]} 51. Rxh5
{[%clk 0:00:30]} Rd6 {[%clk 0:00:11]} 52. d5 {[%clk 0:00:31]} Ne5+
{[%clk 0:00:11]} 53. Kd4 Nf3+ 54. Ke4 {[%clk 0:00:32]} Ne1 {[%clk 0:00:11]} 55.
Bf4 {[%clk 0:00:32]} Rf6 {[%clk 0:00:11]} 56. Rf5 Rg6 57. h5 {[%clk 0:00:33]} Rg4
{[%clk 0:00:15]} 58. h6 {[%clk 0:00:34]} Rh4 {[%clk 0:00:16]} 59. Rf7
{[%clk 0:00:34]} Ng2 {[%clk 0:00:14]} 60. h7 {[%clk 0:00:31]} Nxf4
{[%clk 0:00:15]} 61. Kf5 {[%clk 0:00:26]} Nxd5 {[%clk 0:00:16]} 62. Rf8+
{[%clk 0:00:24]} Kc7 {[%clk 0:00:17]} 63. h8=Q {[%clk 0:00:24]} Rxh8
{[%clk 0:00:19]} 64. Rxh8 {[%clk 0:00:25]} Nc3 {[%clk 0:00:17]} 65. Ra8 Kb7
{[%clk 0:00:20]} 66. Re8 {[%clk 0:00:26]} Nxa4 {[%clk 0:00:20]} 67. Ke4
{[%clk 0:00:27]} Ka7 {[%clk 0:00:14]} 1-0